Statistics for Lannister 101

Click here to take the quiz!

General Stats

  • This quiz has been taken 1,365 times
    (728 since last reset)
  • The average score is 17 of 34

Answer Stats

HintAnswer% Correct
LordTywin
98%
Noteable person with Lannister surname #1Tyrion
97%
Coat of armsLion
96%
Noteable person with Lannister surname #3Cersei
96%
SeatCasterly Rock
95%
Noteable person with Lannister surname #2Jaime
94%
MottoHear Me Roar!
90%
Noteable person with Lannister surname #5Lancel
83%
Noteable person with Lannister surname #4Kevan
79%
Wife of lord (Deceased)Joanna Lannister
76%
RegionThe Westerlands
64%
Noteable sworn house #1Clegane
51%
OverlordHouse Baratheon of King's Landing
51%
Title of lord #3Warden of the West
50%
Title of lord #1Lord of Casterly Rock
47%
Age foundedAge of Heroes
43%
Seat of cadet branchLannisport
41%
Song associated with #5The Rains of Castamere
39%
Noteable sworn house #5 (former)Reyne
37%
FounderLann the Clever
37%
Noteable sworn house #8Westerling
33%
Ancestral WeaponBrightroar
29%
Noteable person with Lannister surname #7Martyn
27%
Noteable sworn house #4Payne
27%
Title of lord (Former)King of the Rock
26%
Noteable person with Lannister surname #8Genna
25%
Noteable person with Lannister surname #6Willem
24%
Noteable sworn house #10Crakehall
20%
Noteable sworn house #7 (former)Tarbeck
19%
Noteable sworn house #3Marbrand
19%
Noteable sworn house #6Swyft
17%
Noteable sworn house #9Brax
16%
Noteable sworn house #2Lorch
14%
Title of lord #2Shield of Lannisport
14%

Score Distribution

Percentile by Number Answered

Percent of People with Each Score

Your Score History

You have not taken this quiz since the last reset